Normal view
MARC view
Entry Personal Name
001 - CONTROL NUMBER
- control field: 28225
003 - CONTROL NUMBER IDENTIFIER
- control field: dpl
005 - DATE AND TIME OF LATEST TRANSACTION
- control field: 20110524102707.0
008 - FIXED-LENGTH DATA ELEMENTS
- fixed length control field: 110524|||a|||||| | ||| d
040 ## - CATALOGING SOURCE
- Original cataloging agency: dpl
- Transcribing agency: dpl
100 ## - HEADING--PERSONAL NAME
- Personal name: Pal, Pran Krishna
670 ## - SOURCE DATA FOUND
- Source citation: Work cat.: (dpl): 27410, Environment sustainable development in India /, 2010
670 ## - SOURCE DATA FOUND
- Source citation: Work cat.: (dpl): 27410, Environment sustainable development in India /, 2010
